[Event "36th European Club Cup 2021"]
[Site "Struga"]
[Date "2021.09.23"]
[Round "6.55"]
[White "Haria, Ravi"]
[Black "Llobell Cortell, Enrique"]
[Result "1-0"]
[WhiteElo "2465"]
[BlackElo "2392"]
[Annotator "ChessBase"]
[PlyCount "101"]
[EventDate "2021.09.18"]
[EventType "team-tourn"]
[EventCountry "MKD"]
[SourceTitle "playchess.com"]
[Source "ChessBase"]
[SourceQuality "1"]
[TimeControl "40/5400+30:1800+30"]

1. e4 {[%emt 0:00:05]} c6 {[%emt 0:01:00]} 2. Nf3 {[%emt 0:02:04]} d5 {[%emt 0:
00:26]} 3. Nc3 {[%emt 0:01:02]} Nf6 {[%emt 0:06:57]} 4. e5 {[%emt 0:00:34]} Ne4
{[%emt 0:00:41]} 5. Ne2 {[%emt 0:00:06]} Qb6 {[%emt 0:02:04]} 6. d4 {[%emt 0:
00:06]} e6 {[%emt 0:07:01]} 7. Ng3 {[%emt 0:00:26]} c5 {[%emt 0:00:44]} 8. Bd3
{[%emt 0:00:13]} Nxg3 {[%emt 0:07:35]} 9. fxg3 {[%emt 0:00:22]} h6 {[%emt 0:08:
18]} 10. O-O {[%emt 0:02:35]} Nc6 {[%emt 0:00:56]} 11. Kh1 {[%emt 0:11:49]} Bd7
{[%emt 0:29:13]} 12. dxc5 {[%emt 0:02:32]} Bxc5 {[%emt 0:00:50]} 13. c3 {
[%emt 0:00:13]} Be3 {[%emt 0:06:47]} 14. Qe2 {[%emt 0:01:18]} Bxc1 {[%emt 0:00:
06]} 15. Raxc1 {[%emt 0:00:12]} O-O-O {[%emt 0:00:24]} 16. b4 {[%emt 0:17:32]}
Kb8 {[%emt 0:25:28]} 17. a4 {[%emt 0:03:55]} Rc8 {[%emt 0:00:00]} 18. a5 {
[%emt 0:04:36]} Qd8 {[%emt 0:00:00]} 19. Qe3 {[%emt 0:18:50]} Qe7 {[%emt 0:00:
00]} 20. Nd4 {[%emt 0:16:42]} Nxd4 {[%emt 0:00:00]} 21. Qxd4 {[%emt 0:00:02]}
h5 {[%emt 0:00:00]} 22. h3 {[%emt 0:01:24]} Rhd8 {[%emt 0:00:00]} 23. Kh2 {
[%emt 0:01:54]} Be8 {[%emt 0:00:00]} 24. Be2 {[%emt 0:00:58]} g6 {[%emt 0:00:
00]} 25. a6 {[%emt 0:03:13]} b6 {[%emt 0:00:00]} 26. Qf4 {[%emt 0:02:46]} Rc7 {
[%emt 0:01:25]} 27. b5 {[%emt 0:01:16]} Rdc8 {[%emt 0:01:40]} 28. c4 {[%emt 0:
00:01]} dxc4 {[%emt 0:01:19]} 29. Rxc4 {[%emt 0:00:35]} Rxc4 {[%emt 0:00:55]}
30. Bxc4 {[%emt 0:00:04]} Qb4 {[%emt 0:01:02]} 31. Qf3 {[%emt 0:01:14]} Rc7 {
[%emt 0:00:35]} 32. Rd1 {[%emt 0:01:16]} Bd7 {[%emt 0:00:13]} 33. Be2 {[%emt 0:
01:52]} h4 {[%emt 0:00:48]} 34. gxh4 {[%emt 0:01:08]} Bc8 {[%emt 0:00:16]} 35.
Qg4 {[%emt 0:03:12]} Qc3 {[%emt 0:00:44]} 36. Qe4 {[%emt 0:00:43]} Rc5 {
[%emt 0:00:06]} 37. Rd4 {[%emt 0:00:41]} Kc7 {[%emt 0:00:41]} 38. Rc4 {[%emt 0:
00:58]} Rxc4 {[%emt 0:00:42]} 39. Qxc4+ {[%emt 0:00:06]} Qxc4 {[%emt 0:00:02]}
40. Bxc4 {[%emt 0:00:00]} Kd8 {[%emt 0:00:00]} 41. Kg3 {[%emt 0:02:19]} Ke7 {
[%emt 0:01:23]} 42. Kf4 {[%emt 0:00:17]} f6 {[%emt 0:07:14]} 43. g4 {[%emt 0:
01:12]} Bd7 {[%emt 0:02:27]} 44. exf6+ {[%emt 0:00:18]} Kxf6 {[%emt 0:00:06]}
45. g5+ {[%emt 0:00:04]} Ke7 {[%emt 0:00:05]} 46. Ke5 {[%emt 0:00:02]} Be8 {
[%emt 0:00:06]} 47. Bd3 {[%emt 0:00:07]} Bd7 {[%emt 0:02:43]} 48. Bxg6 {
[%emt 0:01:12]} Bxb5 {[%emt 0:00:06]} 49. h5 {[%emt 0:00:05]} Bxa6 {[%emt 0:02:
23]} 50. h6 {[%emt 0:00:19]} Kf8 {[%emt 0:00:16]} 51. Ke4 {[%emt 0:31:30]} 1-0

[Event "36th European Club Cup 2021"]
[Site "Struga"]
[Date "2021.09.23"]
[Round "6.56"]
[White "Sos Andreu, Eric"]
[Black "O`Donnell, Conor"]
[Result "1-0"]
[WhiteElo "2355"]
[BlackElo "2303"]
[Annotator "NA"]
[PlyCount "119"]
[EventDate "2021.09.18"]
[EventType "team-tourn"]
[EventCountry "MKD"]
[SourceTitle "playchess.com"]
[Source "ChessBase"]
[SourceQuality "1"]
[TimeControl "40/5400+30:1800+30"]

1. d4 {[%emt 0:00:03]} Nf6 {[%emt 0:00:16]} 2. c4 {[%emt 0:00:09]} e6 {[%emt 0:
00:10]} 3. g3 {[%emt 0:00:19]} c5 {[%emt 0:00:26]} 4. d5 {[%emt 0:00:08]} exd5
{[%emt 0:00:15]} 5. cxd5 {[%emt 0:00:05]} d6 {[%emt 0:02:02]} 6. Nc3 {[%emt 0:
00:07]} g6 {[%emt 0:00:09]} 7. Nf3 {[%emt 0:00:05]} Bg7 {[%emt 0:00:11]} 8. Bg2
{[%emt 0:00:06]} O-O {[%emt 0:00:11]} 9. O-O {[%emt 0:00:06]} Re8 {[%emt 0:01:
56]} 10. Bf4 {[%emt 0:00:09]} Na6 {[%emt 0:01:33]} 11. Re1 {[%emt 0:02:48]} Bg4
{[%emt 0:04:17]} 12. h3 {[%emt 0:08:25]} Bxf3 {[%emt 0:00:16]} 13. Bxf3 {
[%emt 0:00:05]} Nd7 {[%emt 0:01:14]} 14. e4 {[%emt 0:07:24]} Ne5 {[%emt 0:03:
48]} 15. Be2 {[%emt 0:00:18]} Nc7 {[%emt 0:06:55]} 16. Qd2 {[%emt 0:07:51]} Qd7
{[%emt 0:12:18]} 17. Kg2 {[%emt 0:00:29]} f5 {[%emt 0:03:54]} 18. Bf1 {[%emt 0:
02:06]} Rf8 {[%emt 0:04:11]} 19. a4 {[%emt 0:02:43]} a6 {[%emt 0:02:34]} 20.
Rab1 {[%emt 0:03:51]} b5 {[%emt 0:15:28]} 21. b4 {[%emt 0:02:29]} c4 {[%emt 0:
00:25]} 22. Rbd1 {[%emt 0:11:37]} Rab8 {[%emt 0:08:55]} 23. a5 {[%emt 0:02:09]}
Rf7 {[%emt 0:04:12]} 24. Bxe5 {[%emt 0:02:03]} Bxe5 {[%emt 0:00:33]} 25. f4 {
[%emt 0:00:08]} Bxc3 {[%emt 0:01:06]} 26. Qxc3 {[%emt 0:00:04]} fxe4 {[%emt 0:
00:17]} 27. Rxe4 {[%emt 0:00:06]} Qf5 {[%emt 0:06:49]} 28. Qd4 {[%emt 0:00:26]}
Re8 {[%emt 0:01:08]} 29. Rxe8+ {[%emt 0:01:08]} Nxe8 {[%emt 0:00:02]} 30. Be2 {
[%emt 0:00:53]} Qf6 {[%emt 0:04:00]} 31. Bg4 {[%emt 0:03:28]} Qxd4 {[%emt 0:00:
40]} 32. Rxd4 {[%emt 0:00:04]} Rc7 {[%emt 0:02:42]} 33. Bd1 {[%emt 0:05:05]} c3
{[%emt 0:02:39]} 34. Bc2 {[%emt 0:00:08]} Rc4 {[%emt 0:02:51]} 35. Rd3 {
[%emt 0:04:15]} Nf6 {[%emt 0:00:42]} 36. Kf3 {[%emt 0:00:09]} Kf8 {[%emt 0:02:
18]} 37. Ke2 {[%emt 0:00:04]} Rxb4 {[%emt 0:02:51]} 38. Rxc3 {[%emt 0:00:05]}
Rc4 {[%emt 0:02:31]} 39. Rxc4 {[%emt 0:00:46]} bxc4 {[%emt 0:00:03]} 40. Ke3 {
[%emt 0:00:00]} Nxd5+ {[%emt 0:00:00]} 41. Kd4 {[%emt 0:00:48]} Ne7 {[%emt 0:
12:54]} 42. Kxc4 {[%emt 0:00:57]} Nc6 {[%emt 0:00:10]} 43. Be4 {[%emt 0:00:28]}
Nd8 {[%emt 0:03:18]} 44. Bd5 {[%emt 0:06:36]} Ke7 {[%emt 0:01:13]} 45. g4 {
[%emt 0:02:04]} h5 {[%emt 0:03:12]} 46. Kd3 {[%emt 0:05:43]} hxg4 {[%emt 0:01:
53]} 47. hxg4 {[%emt 0:00:11]} Kf6 {[%emt 0:00:07]} 48. Ke4 {[%emt 0:01:42]}
Ke7 {[%emt 0:08:51]} 49. f5 {[%emt 0:08:49]} Kf6 {[%emt 0:02:03]} 50. fxg6 {
[%emt 0:00:20]} Kxg6 {[%emt 0:00:19]} 51. Kf4 {[%emt 0:00:07]} Kf6 {[%emt 0:00:
37]} 52. g5+ {[%emt 0:00:16]} Kg7 {[%emt 0:01:03]} 53. Kf5 {[%emt 0:05:25]} Nf7
{[%emt 0:00:08]} 54. Ke6 {[%emt 0:01:30]} Nxg5+ {[%emt 0:00:32]} 55. Kxd6 {
[%emt 0:01:21]} Kf6 {[%emt 0:01:32]} 56. Bb7 {[%emt 0:02:27]} Nf7+ {[%emt 0:00:
30]} 57. Kc7 {[%emt 0:00:26]} Ke5 {[%emt 0:01:28]} 58. Bxa6 {[%emt 0:00:12]}
Nd6 {[%emt 0:00:48]} 59. Bd3 {[%emt 0:01:16]} Ne8+ {[%emt 0:01:20]} 60. Kc6 {
[%emt 0:00:50]} 1-0

[Event "36th European Club Cup 2021"]
[Site "Struga"]
[Date "2021.09.23"]
[Round "6.57"]
[White "Kanyamarala, Tarun"]
[Black "Pallardo Lozoya, Jose Vicente"]
[Result "1-0"]
[WhiteElo "2275"]
[BlackElo "2357"]
[Annotator "NA"]
[PlyCount "61"]
[EventDate "2021.09.18"]
[EventType "team-tourn"]
[EventCountry "MKD"]
[SourceTitle "playchess.com"]
[Source "ChessBase"]
[SourceQuality "1"]
[TimeControl "40/5400+30:1800+30"]

1. e4 {[%emt 0:00:04]} c6 {[%emt 0:00:07]} 2. d4 {[%emt 0:00:10]} d5 {[%emt 0:
00:06]} 3. exd5 {[%emt 0:00:10]} cxd5 {[%emt 0:00:16]} 4. Bd3 {[%emt 0:00:10]}
Nc6 {[%emt 0:00:30]} 5. c3 {[%emt 0:00:12]} Nf6 {[%emt 0:01:32]} 6. Bf4 {
[%emt 0:02:01]} Bg4 {[%emt 0:00:17]} 7. Qb3 {[%emt 0:00:09]} Qc8 {[%emt 0:00:
13]} 8. Nd2 {[%emt 0:00:28]} e6 {[%emt 0:00:13]} 9. Ngf3 {[%emt 0:00:23]} Be7 {
[%emt 0:00:18]} 10. O-O {[%emt 0:00:45]} O-O {[%emt 0:00:24]} 11. Ne5 {[%emt 0:
00:56]} Nxe5 {[%emt 0:06:57]} 12. Bxe5 {[%emt 0:01:03]} Bh5 {[%emt 0:02:31]}
13. Rac1 {[%emt 0:00:10]} b6 {[%emt 0:37:56]} 14. c4 {[%emt 0:03:45]} dxc4 {
[%emt 0:04:55]} 15. Rxc4 {[%emt 0:11:33]} Qd8 {[%emt 0:02:53]} 16. Rfc1 {
[%emt 0:02:27]} Bg6 {[%emt 0:08:04]} 17. Be2 {[%emt 0:08:28]} Bd6 {[%emt 0:02:
13]} 18. Bf3 {[%emt 0:11:32]} Rb8 {[%emt 0:02:03]} 19. Nf1 {[%emt 0:03:57]} Qe7
{[%emt 0:08:53]} 20. Rc6 {[%emt 0:08:53]} Rbd8 {[%emt 0:01:05]} 21. Ne3 {
[%emt 0:04:18]} Ne4 {[%emt 0:01:55]} 22. Nc4 {[%emt 0:15:57]} Bxe5 {[%emt 0:01:
26]} 23. dxe5 {[%emt 0:01:13]} Nd2 {[%emt 0:05:39]} 24. Nxd2 {[%emt 0:03:07]}
Rxd2 {[%emt 0:00:01]} 25. Qe3 {[%emt 0:06:56]} Rxb2 {[%emt 0:03:44]} 26. Rc7 {
[%emt 0:00:12]} Qd8 {[%emt 0:01:45]} 27. Rxa7 {[%emt 0:00:12]} Qb8 {[%emt 0:00:
28]} 28. Ra8 {[%emt 0:02:50]} Qxa8 {[%emt 0:00:42]} 29. Bxa8 {[%emt 0:00:06]}
Rxa8 {[%emt 0:00:38]} 30. Qa3 {[%emt 0:00:33]} Rxa2 {[%emt 0:00:15]} 31. Qxa2 {
[%emt 0:00:13]} 1-0

[Event "36th European Club Cup 2021"]
[Site "Struga"]
[Date "2021.09.23"]
[Round "6.59"]
[White "Pein, Jonathan"]
[Black "Torres Sanchez, Jose"]
[Result "0-1"]
[WhiteElo "2254"]
[BlackElo "2271"]
[Annotator "NA"]
[PlyCount "80"]
[EventDate "2021.09.18"]
[EventType "team-tourn"]
[EventCountry "MKD"]
[SourceTitle "playchess.com"]
[Source "ChessBase"]
[SourceQuality "1"]
[TimeControl "40/5400+30:1800+30"]

1. e4 {[%emt 0:00:03]} c5 {[%emt 0:00:27]} 2. Nf3 {[%emt 0:00:05]} e6 {[%emt 0:
00:47]} 3. g3 {[%emt 0:00:05]} Nc6 {[%emt 0:01:30]} 4. Bg2 {[%emt 0:00:08]} Nf6
{[%emt 0:03:08]} 5. Qe2 {[%emt 0:00:05]} g6 {[%emt 0:09:01]} 6. c3 {[%emt 0:11:
30]} Bg7 {[%emt 0:02:59]} 7. O-O {[%emt 0:02:12]} O-O {[%emt 0:04:33]} 8. d4 {
[%emt 0:01:25]} b6 {[%emt 0:02:52]} 9. Rd1 {[%emt 0:09:17]} cxd4 {[%emt 0:01:
41]} 10. cxd4 {[%emt 0:02:15]} Bb7 {[%emt 0:07:00]} 11. Nc3 {[%emt 0:01:04]} d5
{[%emt 0:12:36]} 12. e5 {[%emt 0:00:31]} Ne8 {[%emt 0:00:23]} 13. Bf4 {[%emt 0:
05:58]} h6 {[%emt 0:02:03]} 14. h4 {[%emt 0:03:10]} Nc7 {[%emt 0:00:26]} 15.
Rac1 {[%emt 0:05:18]} Rc8 {[%emt 0:00:32]} 16. Qe3 {[%emt 0:03:39]} Ne7 {
[%emt 0:00:35]} 17. g4 {[%emt 0:03:07]} h5 {[%emt 0:02:32]} 18. Bh3 {[%emt 0:
18:52]} hxg4 {[%emt 0:01:19]} 19. Bxg4 {[%emt 0:00:05]} Nf5 {[%emt 0:00:45]}
20. Bxf5 {[%emt 0:01:35]} exf5 {[%emt 0:00:09]} 21. Ng5 {[%emt 0:03:21]} Re8 {
[%emt 0:01:48]} 22. Qg3 {[%emt 0:01:06]} Ne6 {[%emt 0:00:19]} 23. Nb5 {[%emt 0:
04:48]} Rxc1 {[%emt 0:03:02]} 24. Bxc1 {[%emt 0:05:11]} Ba6 {[%emt 0:07:07]}
25. Nxf7 {[%emt 0:05:12]} Kxf7 {[%emt 0:01:09]} 26. Nd6+ {[%emt 0:00:01]} Ke7 {
[%emt 0:03:45]} 27. Qa3 {[%emt 0:01:02]} Kf8 {[%emt 0:02:54]} 28. Nxe8+ {
[%emt 0:02:20]} Kxe8 {[%emt 0:00:09]} 29. Qxa6 {[%emt 0:03:12]} Qxh4 {[%emt 0:
00:18]} 30. Qd3 {[%emt 0:03:22]} Qg4+ {[%emt 0:01:21]} 31. Kh2 {[%emt 0:01:00]}
Nxd4 {[%emt 0:01:06]} 32. Qg3 {[%emt 0:04:49]} Qxd1 {[%emt 0:00:13]} 33. Qxg6+
{[%emt 0:00:01]} Kf8 {[%emt 0:00:31]} 34. Qd6+ {[%emt 0:00:45]} Kf7 {[%emt 0:
01:48]} 35. Qxd5+ {[%emt 0:00:28]} Kg6 {[%emt 0:00:23]} 36. Qg2+ {[%emt 0:00:
20]} Kh7 {[%emt 0:00:35]} 37. Be3 {[%emt 0:00:50]} Qh5+ {[%emt 0:04:23]} 38.
Kg1 {[%emt 0:00:02]} Nf3+ {[%emt 0:00:13]} 39. Kf1 {[%emt 0:00:01]} Bxe5 {
[%emt 0:00:31]} 40. b4 {[%emt 0:00:00]} f4 {[%emt 0:00:00]} 0-1

[Event "36th European Club Cup 2021"]
[Site "Struga"]
[Date "2021.09.23"]
[Round "6.60"]
[White "Gimeno Higueras, Roberto"]
[Black "Carroll, Peter"]
[Result "1-0"]
[WhiteElo "2214"]
[BlackElo "2059"]
[Annotator "NA"]
[PlyCount "67"]
[EventDate "2021.09.18"]
[EventType "team-tourn"]
[EventCountry "MKD"]
[SourceTitle "playchess.com"]
[Source "ChessBase"]
[SourceQuality "1"]
[TimeControl "40/5400+30:1800+30"]

1. e4 {[%emt 0:00:05]} c5 {[%emt 0:00:17]} 2. c3 {[%emt 0:01:00]} Nf6 {[%emt 0:
00:05]} 3. e5 {[%emt 0:00:38]} Nd5 {[%emt 0:00:03]} 4. d4 {[%emt 0:04:32]} cxd4
{[%emt 0:00:31]} 5. Nf3 {[%emt 0:00:49]} Nc6 {[%emt 0:00:02]} 6. cxd4 {[%emt 0:
00:09]} d6 {[%emt 0:00:05]} 7. Bc4 {[%emt 0:01:22]} Nb6 {[%emt 0:00:03]} 8. Bb5
{[%emt 0:00:27]} dxe5 {[%emt 0:00:06]} 9. Nxe5 {[%emt 0:00:08]} Bd7 {[%emt 0:
00:04]} 10. Nxd7 {[%emt 0:01:04]} Qxd7 {[%emt 0:00:02]} 11. O-O {[%emt 0:02:24]
} e6 {[%emt 0:00:05]} 12. Qg4 {[%emt 0:01:47]} h5 {[%emt 0:00:16]} 13. Qe4 {
[%emt 0:01:31]} Qd5 {[%emt 0:02:14]} 14. Nc3 {[%emt 0:05:02]} Qxe4 {[%emt 0:01:
19]} 15. Nxe4 {[%emt 0:00:10]} h4 {[%emt 0:09:55]} 16. Be3 {[%emt 0:03:44]} Rh5
{[%emt 0:01:34]} 17. a4 {[%emt 0:01:03]} a6 {[%emt 0:01:21]} 18. Bxc6+ {
[%emt 0:08:07]} bxc6 {[%emt 0:00:11]} 19. Rfc1 {[%emt 0:00:16]} Kd7 {[%emt 0:
08:31]} 20. Ng5 {[%emt 0:02:09]} f6 {[%emt 0:24:43]} 21. Nxe6 {[%emt 0:00:24]}
Bd6 {[%emt 0:01:26]} 22. a5 {[%emt 0:25:16]} Nc8 {[%emt 0:08:43]} 23. Nc5+ {
[%emt 0:04:25]} Bxc5 {[%emt 0:00:09]} 24. dxc5 {[%emt 0:03:14]} Rd5 {[%emt 0:
00:55]} 25. Ra4 {[%emt 0:00:21]} g5 {[%emt 0:06:08]} 26. Rb4 {[%emt 0:01:46]}
Kc7 {[%emt 0:02:45]} 27. Bd4 {[%emt 0:05:16]} f5 {[%emt 0:03:26]} 28. Bf6 {
[%emt 0:01:18]} f4 {[%emt 0:00:16]} 29. Re4 {[%emt 0:00:20]} Kd7 {[%emt 0:01:
04]} 30. Kf1 {[%emt 0:04:45]} Rb8 {[%emt 0:01:21]} 31. b4 {[%emt 0:00:19]} Rb7
{[%emt 0:01:08]} 32. Ke2 {[%emt 0:02:13]} Rf5 {[%emt 0:00:31]} 33. Rd1+ {
[%emt 0:01:16]} Rd5 {[%emt 0:00:07]} 34. Bxg5 {[%emt 0:00:09]} 1-0

[Event "36th European Club Cup 2021"]
[Site "Struga"]
[Date "2021.09.24"]
[Round "7.1"]
[White "Svidler, Peter"]
[Black "Berkes, Ferenc"]
[Result "1/2-1/2"]
[WhiteElo "2701"]
[BlackElo "2671"]
[Annotator "TA"]
[PlyCount "68"]
[EventDate "2021.09.18"]
[EventType "team-tourn"]
[EventCountry "MKD"]
[SourceTitle "playchess.com"]
[Source "ChessBase"]
[SourceQuality "1"]

{[%evp 17,68,37,37,33,38,43,47,38,45,23,61,38,31,13,13,9,8,7,7,6,10,8,10,8,21,
27,21,20,23,18,20,12,12,0,14,18,13,9,5,4,14,6,6,6,23,6,8,11,16,0,0,0,0]} 1. e4
d6 2. d4 Nf6 3. Nc3 e5 4. Nf3 Nbd7 5. Bc4 Be7 6. O-O O-O 7. a4 c6 8. Re1 h6 9.
h3 Re8 10. a5 {C41: Philidor Defence.} exd4 11. Nxd4 Bf8 12. Bf4 {White is
slightly better.} Nc5 {[%cal Rf6e4]} 13. Qf3 {[#]} Bd7 $146 ({Predecessor:} 
13... Ne6 14. Bxe6 Bxe6 15. a6 Qb6 16. axb7 Qxb7 17. b3 c5 18. Ndb5 Bd7 19.
Nxd6 Bxd6 20. Bxd6 {1/2-1/2 (49) Kotronias,V (2517)-Velikanov,A (2375) Banja
Vrujci 2021}) 14. e5 (14. Ba2 {feels hotter.} Ne6 15. Bxe6 Bxe6 16. a6 Qb6 17.
Be3) 14... d5 $1 15. exf6 Qxf6 16. Bxd5 cxd5 17. Rxe8 Bxe8 18. Be3 {[#]
Threatens to win with Qxf6.} Qxf3 19. Nxf3 Bc6 20. Rd1 Na4 21. Nxa4 Bxa4 22. b3
Bc6 23. Ne5 a6 24. Nxc6 bxc6 $11 {[%mdl 4096] Endgame KRB-KRB} 25. c4 dxc4 26.
bxc4 Bb4 27. Bb6 Re8 28. Kf1 h5 29. g3 f6 30. Rd7 {[#] Ra7 is the strong
threat.} Re1+ 31. Kg2 {aiming for Ra7.} Ra1 {The position is equal.} 32. Rc7
Bxa5 33. Rxc6 Bxb6 34. Rxb6 Rc1 {Weighted Error Value: White=0.06/Black=0.03}
1/2-1/2

[Event "36th European Club Cup 2021"]
[Site "Struga"]
[Date "2021.09.24"]
[Round "7.2"]
[White "Banusz, Tamas"]
[Black "Esipenko, Andrey"]
[Result "1/2-1/2"]
[WhiteElo "2641"]
[BlackElo "2720"]
[Annotator "TA"]
[PlyCount "132"]
[EventDate "2021.09.18"]
[EventType "team-tourn"]
[EventCountry "MKD"]
[SourceTitle "playchess.com"]
[Source "ChessBase"]
[SourceQuality "1"]

{[%evp 9,132,25,16,1,12,-1,26,18,31,-7,14,3,11,0,4,0,0,-38,0,-9,-9,0,0,0,6,0,
11,11,13,9,12,6,27,0,0,0,4,9,9,0,0,0,0,0,10,-7,-7,-28,-19,-31,-37,-70,-88,-84,
-72,-71,0,0,0,0,0,0,0,0,0,-9,-14,-20,0,0,0,0,0,0,0,0,0,0,0,0,0,0,0,0,0,0,0,0,0,
0,0,-28000,-28000,-28000,-28000,-28000,-28000,-28000,-28000,-28000,-28000,
-28000,-28000,-28000,-28000,-28000,-28000,-28000,-28000,-28000,-28000,-28000,
-28000,-28000,-28000,-28000,-28000,-28000,-28000,-28000,-28000,-28000,-28000,
-28000,-28000]} 1. Nf3 Nf6 2. g3 b5 3. Bg2 Bb7 4. Na3 b4 5. Nc4 a5 6. O-O {
A05: Réti Opening: 1 Nf3 Nf6.} e6 7. d3 Be7 8. e4 {White has an edge.} O-O 9.
e5 Nd5 {[#]} 10. Qe2 $146 ({Predecessor:} 10. h4 d6 11. Bg5 Nc6 12. Bxe7 Ndxe7
13. Re1 Nf5 14. c3 Nce7 15. Qd2 Bxf3 16. Bxf3 {1/2-1/2 (41) Alekseev,E (2665)
-Korobov,A (2694) Sochi 2015}) 10... d6 11. h4 Nd7 12. Re1 N5b6 13. Bf4 {
[%cal Re5d6]} (13. Nxb6 {is interesting.} Nxb6 14. a3 dxe5 15. Nxe5 Bxg2 16.
Kxg2 c5 17. Nc6) 13... dxe5 14. Nfxe5 Bxg2 15. Kxg2 Nxe5 16. Bxe5 Qd5+ 17. Qe4
Qxe4+ 18. Rxe4 Nd5 19. a4 bxa3 20. Nxa3 Rfb8 21. Nc4 a4 22. h5 f6 23. Bf4 Kf7
24. Rae1 Ra6 25. Bc1 Rc6 26. g4 h6 27. f4 Nb6 28. Ne3 Bc5 {And now ...Bxe3
would win.} 29. d4 Bd6 30. Kf3 Nd5 31. Nxd5 exd5 32. R4e2 Rb4 (32... Rc4 $17
33. Rd1 a3 34. bxa3 Rb1) 33. c3 $11 Rb3 34. g5 hxg5 35. fxg5 fxg5 36. Kg4 ({
Reject} 36. Bxg5 a3 $17) 36... a3 37. Rf1+ Kg8 38. bxa3 Rb1 ({But not} 38...
Bxa3 $2 39. Bxa3 Rcxc3 40. Bc5 $18) 39. Rfe1 Rxc3 {[%mdl 64] [#] Double Attack}
40. Bxg5 Rxe1 (40... Rb5 {is more complex.} 41. Re3 Rc4 42. Rd3 Bc5 43. Kf5
Bxd4 44. Re8+ Kh7) 41. Rxe1 {[%mdl 4096] Endgame KRB-KRB} Rd3 42. Be7 Rxd4+ 43.
Kf5 Bxe7 (43... Bh2 {with more complications.} 44. Kg6 Ra4 45. Re6 Rg4+ 46. Bg5
Kf8) 44. Rxe7 {KR-KR} c5 (44... Rc4 {seems wilder.} 45. a4 Kf8 46. Rd7 Rxa4 47.
Rxc7 Ke8) 45. Rc7 c4 (45... Rh4 {feels hotter.} 46. Rxc5 Rxh5+ 47. Ke6 Kh7 48.
Rxd5) 46. a4 Kh7 47. a5 Rd1 48. Ke5 Ra1 49. Kxd5 $2 {[%mdl 8192] [#]} (49. Rc5
$11) 49... Rxa5+ 50. Kxc4 {Black continues to play with concentration.} Rxh5 {
Mate.} 51. Kd4 Rf5 52. Ke4 Rf1 53. Rc3 Kg6 54. Rg3+ Kf6 55. Ke3 g6 56. Ke2 Rf4
57. Ke3 Rf5 58. Ke2 Rf4 59. Ke3 Rf1 60. Ke2 Rf5 61. Ke3 Rg5 62. Rf3+ Ke5 63.
Rf8 Rf5 64. Rxf5+ Kxf5 65. Kf3 Kg5 66. Kg3 Kf5 {[%mdl 32768] Weighted Error
Value: White=0.05/Black=0.04. An unexpected result.} 1/2-1/2

[Event "36th European Club Cup 2021"]
[Site "Struga"]
[Date "2021.09.24"]
[Round "7.3"]
[White "Fedoseev, Vladimir"]
[Black "Papp, Gabor"]
[Result "1/2-1/2"]
[WhiteElo "2708"]
[BlackElo "2599"]
[Annotator "TA"]
[PlyCount "143"]
[EventDate "2021.09.18"]
[EventType "team-tourn"]
[EventCountry "MKD"]
[SourceTitle "playchess.com"]
[Source "ChessBase"]
[SourceQuality "1"]

{[%evp 35,143,35,28,15,45,45,41,41,42,49,60,47,55,57,64,35,69,66,72,67,67,67,
67,67,61,60,86,93,108,105,106,86,108,108,100,113,113,113,113,113,113,113,113,
81,81,81,81,81,81,81,81,0,80,80,80,21,14,17,20,8,8,8,8,8,8,8,8,8,8,8,8,8,8,8,8,
8,8,8,8,8,8,8,8,8,8,8,8,8,8,8,8,8,8,8,8,8,8,8,8,8,8,8,8,8,8,8,8,8,8,8]} 1. e4
c5 2. Nf3 e6 3. d4 cxd4 4. Nxd4 Nf6 5. Nc3 Nc6 6. Nxc6 bxc6 7. e5 Nd5 8. Ne4
Qc7 9. f4 Qb6 10. c4 Bb4+ 11. Ke2 f5 12. Nf2 Ba6 13. Kf3 Ne7 14. Be3 Bc5 15.
Bxc5 Qxc5 16. Qd6 Qb6 17. b3 c5 18. Rd1 Bb7+ 19. Ke3 {B45: Sicilian Four
Knights.} Kf7 20. Qxb6 (20. Qxd7 $2 Rhd8 $17) 20... axb6 21. Rxd7 {White is
slightly better.} Bc6 22. Rd2 Ra3 {next ...Rha8 is good for Black.} 23. Nd3 $1
Rd8 24. Rg1 Be4 {[#]} 25. g3 $146 ({Predecessor:} 25. Nc1 Rxd2 26. Kxd2 Nc6 27.
Kc3 Ra8 28. g3 Nb4 29. a4 Rd8 30. Be2 Bc2 31. Bh5+ {1-0 (56) Karjakin,S (2757)
-Vidit,S (2726) chess24.com INT 2021}) 25... Bxd3 26. Bxd3 (26. Rxd3 Rxd3+ 27.
Kxd3 Rxa2 $15) 26... Nc6 27. g4 g6 28. gxf5 exf5 29. h4 Rd4 30. h5 Nb4 31. Rgg2
$1 b5 {[#]} 32. Bf1 ({Much worse is} 32. hxg6+ $6 hxg6 33. Bf1 (33. cxb5 Nd5+ {
[%mdl 64] Double Attack} 34. Kf2 c4 $15) 33... Re4+ 34. Kf2 (34. Kf3 Nxa2 35.
cxb5 Nc1 $11) 34... Rxf4+ 35. Kg1 Nc6 $11) 32... Re4+ {[#]} 33. Kf2 $1 (33. Kf3
$6 Nxa2 34. Rd7+ (34. cxb5 Rxb3+ 35. Rd3 c4 $11) 34... Ke8 $11) 33... Rxf4+ 34.
Kg1 bxc4 35. Bxc4+ Ke7 36. hxg6 hxg6 37. Rxg6 Rg4+ 38. Rxg4 fxg4 $16 {[%mdl
4096] Endgame KRB-KRN} 39. e6 {Strongly threatening Rd7+.} Rxa2 40. Rd7+ Kf6
41. Rf7+ Kg6 42. Rc7 Kf6 43. Rf7+ Kg6 44. Rb7 Kf6 45. e7 (45. Rd7 $16) 45...
Ra1+ $1 $11 {The position is equal.} 46. Kf2 g3+ $1 47. Ke2 g2 $1 {[%cal Rg2g1]
} 48. e8=Q Re1+ $1 {[%mdl 64] Decoy} 49. Kxe1 g1=Q+ 50. Bf1 {White wants to
mate with Rf7+.} Qg3+ 51. Kd2 $1 {Rf7+ would kill now.} Qg5+ $1 52. Qe3 {
Intending Rb6+ and mate.} Qd5+ 53. Bd3 {[%csl Gb7][%cal Re3e7]} (53. Kc3 {
is interesting.} Qxb7 54. Qf2+ Ke5 55. Qh2+ Ke6 56. Bh3+) 53... Qg2+ 54. Be2 {
Threatening mate with Qf4+.} Qxb7 55. Qh6+ ({Don't play} 55. Qxc5 Qd7+ 56. Kc3
Nd5+ 57. Kc4 Nf4 $16) (55. Qc3+ {with more complications.} Ke6 56. Bg4+ Kf7 57.
Bh5+ Kg8 58. Qxc5 Qd5+ 59. Qxd5+ Nxd5 60. Bf3) 55... Kf5 56. Qf8+ Kg6 57. Qd6+
Kh7 58. Qxc5 {Threatens to win with Qh5+.} (58. Kc3 {looks sharper.} Qc6 59.
Qxc6 Nxc6 60. Kd3 Nd4 61. Bd1) 58... Qd5+ 59. Qxd5 Nxd5 {KB-KN} 60. Kd3 {
Hoping for Kc4.} Kg7 61. Kd4 (61. Bg4 {seems wilder.} Kf8 62. Bd7 Ke7 63. Bb5
Kd6 64. Kc4) 61... Nb4 62. Kc4 Na2 63. Bd3 {Black must now prevent Bb1.} Kf6
64. Bb1 Nc1 65. b4 {aiming for Bd3.} Ke7 66. Kb5 Kd7 67. Ka6 {Black should
prevent b5.} Ne2 68. b5 Nc3 69. b6 Na4 70. b7 Nc5+ 71. Kb6 Nxb7 $1 72. Kxb7 {
Weighted Error Value: White=0.07/Black=0.03} 1/2-1/2